[Event "Czech Extra League 2000-1"]
[Site "CZE"]
[Date "2001.03.17"]
[Round "8"]
[White "Freisler,P"]
[Black "Netusil,M"]
[Result "1-0"]
[WhiteElo "2365"]
[BlackElo "2286"]

1.Nf3 d5 2.c4 e6 3.g3 Nf6 4.Bg2 c5 5.cxd5 exd5 6.d4 Nc6 7.O-O Be7 8.Nc3 O-O
9.Bg5 cxd4 10.Nxd4 Re8 11.e3 h6 12.Bxf6 Bxf6 13.Nxd5 Bxd4 14.exd4 Be6 15.Re1 Rf8
16.Nf4 Nxd4 17.Re4 Nc6 18.Nxe6 fxe6 19.Qb3 Qb6 20.Qxb6 axb6 21.Rxe6 Rad8
22.Rae1 Rd2 23.Bxc6 bxc6 24.R1e2 Rxe2 25.Rxe2 Kf7 26.Kg2 Rd8 27.Kf3 Rd1 28.Ke3 Ke7
29.Rd2 Re1+ 30.Kf4 Re6 31.h4 g6 32.g4 Rf6+ 33.Ke4 Re6+ 34.Kf4 Rf6+ 35.Kg3 Rf8
36.f3 Ra8 37.b3 Ke6 38.Kf4 Rf8+ 39.Ke4 Ke7 40.Rd3 Rf6 41.a4 Re6+ 42.Kf4 Rf6+
43.Kg3 Rf8 44.Rd4 Rc8 45.Rb4 Rb8 46.g5 hxg5 47.hxg5 b5 48.Kg4 Kd6 49.axb5 c5
50.Rf4 Rxb5 51.Rf6+ Kd5 52.Rxg6 Rxb3 53.Rg8 c4 54.Rc8 Rb1 55.f4 Rc1 56.Kf5  1-0

[Event "Czech Extra League 2000-1"]
[Site "CZE"]
[Date "2001.03.17"]
[Round "8"]
[White "Zabystrzan,P"]
[Black "Bazant,P jr"]
[Result "0-1"]
[WhiteElo "2283"]
[BlackElo "2293"]

1.Nf3 d5 2.c4 e6 3.d4 Nd7 4.Nc3 c6 5.cxd5 exd5 6.Bf4 Ndf6 7.e3 Bd6 8.Ne5 Ne7
9.Bd3 Ng6 10.Bg3 Bxe5 11.dxe5 Ng4 12.Bxg6 hxg6 13.Qd4 Be6 14.O-O Qg5 15.h3 Nh6
16.e4 Rd8 17.exd5 Bxd5 18.Nxd5 Rxd5 19.Qxa7 O-O 20.Qxb7 Nf5 21.Qxc6 Rfd8
22.e6 fxe6 23.Qxe6+ Kh7 24.Rae1 Rd2 25.Qe5 R8d5 26.Bf4 Qd8 27.Qc7 Rxb2 28.Qxd8 Rxd8
29.a3 Ra8 30.Bc1 Rc2 31.Rd1 Rac8 32.Bd2 Ra2 33.g4 Nd4 34.Bb4 Ne2+ 35.Kg2 Rcc2
36.Rd7 g5 37.Kf3 Nf4 38.h4 Ne6 39.Ra7 Re2 40.Be1 gxh4 41.Bb4 Ng5+ 42.Kf4 Nh3+
43.Kf3 Rxf2+ 44.Rxf2 Rxf2+ 45.Ke3 Rg2 46.Rd7 Ng5 47.Be7 h3 48.Rd1 Kg6 49.Rh1 Rg3+
50.Ke2 Ne6 51.Kf2 Rd3 52.a4 Kf7 53.Bh4 Ra3 54.Bg3 Ng5 55.Bc7 Ne4+ 56.Ke2 Kg6
57.Bf4 Ng3+ 58.Bxg3 Rxg3 59.a5 Ra3 60.a6 Kg5 61.a7 Kh4 62.Kf2 Ra2+ 63.Kf3 Rxa7
64.Rb1 Rf7+  0-1

[Event "Tch-AUT 2000-01"]
[Site "Fuerstenfeld AUT"]
[Date "2001.03.17"]
[Round "10"]
[White "Novkovic,Mi"]
[Black "Luther,T"]
[Result "0-1"]
[WhiteElo "2406"]
[BlackElo "2544"]

1.Nf3 d5 2.c4 e6 3.e3 Nf6 4.Nc3 c5 5.d4 cxd4 6.exd4 Bb4 7.Bd3 dxc4 8.Bxc4 O-O
9.O-O b6 10.Qe2 Bb7 11.Bg5 Nbd7 12.Rac1 Qb8 13.Ne5 Nxe5 14.dxe5 Bxc3 15.bxc3 Ne4
16.Bf4 Rc8 17.f3 Qc7 18.Bd3 Nxc3 19.Qc2 Qc5+ 20.Kh1 Qd4 21.Bxh7+ Kh8 22.Bg3 Ne4
23.Qxc8+ Rxc8 24.Rxc8+ Kxh7 25.Rc7 Nxg3+ 26.hxg3 Bd5 27.Rxa7 Kg6 28.g4 Qxe5
29.Rc1 Qe2 30.Rcc7 e5 31.Rd7 Be6 32.Rd6 e4 33.fxe4 Qxg4 34.Rd3 Qxe4 35.Rg3+ Kh7
36.Rf3 g5 37.Raa3 Kg6 38.Kh2 b5 39.Rae3 Qh4+ 40.Kg1 Bxa2  0-1

[Event "Tch-AUT 2000-01"]
[Site "Fuerstenfeld AUT"]
[Date "2001.03.17"]
[Round "10"]
[White "Thoma,R"]
[Black "Watzka,H"]
[Result "1/2-1/2"]
[WhiteElo "2316"]
[BlackElo "2367"]

1.Nf3 d5 2.c4 e6 3.e3 Nf6 4.b3 Nbd7 5.Bb2 c6 6.Be2 Bd6 7.Nc3 a6 8.d4 O-O
9.O-O Ne4 10.Nxe4 dxe4 11.Ne5 Qg5  1/2-1/2

[Event "Czech Extra League 2000-1"]
[Site "CZE"]
[Date "2001.03.18"]
[Round "9"]
[White "Pisk,P"]
[Black "Jirovsky,Pa"]
[Result "1/2-1/2"]
[WhiteElo "2382"]
[BlackElo "2358"]

1.Nf3 d5 2.c4 e6 3.e3 c6 4.b3 Nf6 5.Bb2 Bd6 6.g4 O-O 7.Rg1 Re8 8.g5 Nfd7
9.Nc3 a6 10.Qc2 Nf8 11.d4 b5 12.Ne5 Bxe5 13.dxe5 Nbd7 14.f4 Rb8 15.cxd5 cxd5
16.Ne2 Bb7 17.Bd4  1/2-1/2

[Event "It"]
[Site "Evry FRA"]
[Date "2001.03.19"]
[Round "5"]
[White "Pira,D"]
[Black "Velikov,P"]
[Result "1/2-1/2"]
[WhiteElo "2449"]
[BlackElo "2461"]

1.Nf3 d5 2.c4 c6 3.e3 Nf6 4.d4 g6 5.Nc3 Bg7 6.Be2 O-O 7.O-O Be6 8.Qb3 Qb6
9.Qa3 Re8 10.cxd5 cxd5 11.Bd2 Nc6 12.Na4 Qc7 13.Rfc1 Bg4 14.h3 Bxf3 15.Bxf3 e6
16.Bb4 Bf8 17.Bxf8 Rxf8 18.Rc2 Rac8 19.Rac1 Rfd8 20.Nc5 Qb6 21.Nd3 Nd7 22.h4 Re8
23.h5 Qd8 24.hxg6 hxg6 25.b4 Nb6 26.Nc5 Nc4 27.Qa4 b6 28.Rxc4 dxc4 29.Bxc6 bxc5
30.Bxe8 cxd4 31.Bxf7+ Kxf7 32.Qxa7+ Kf6 33.Qxd4+ Qxd4 34.exd4 e5 35.d5 e4
36.Kf1 Ke5 37.Rd1 c3 38.d6 c2 39.Rc1 Kxd6 40.Ke2 Rc4 41.Kd2 Rxb4 42.Rxc2 Ra4
43.Ke3 Kd5 44.Kf4 Ke6 45.Kg5 Kf7 46.g4 Ra5+ 47.Kh6 Ra6 48.Rc7+ Kf8 49.Rc2 Kf7
50.g5 Ra3 51.Rc7+ Kf8 52.Kxg6 Rxa2 53.Rf7+ Kg8 54.Rf4 Ra6+ 55.Kf5 Ra5+ 56.Kg4 Re5
57.Rf5 Re8 58.Kf4 Kg7 59.Re5 Rf8+ 60.Ke3 Rf3+ 61.Ke2 Rf4 62.Re6 Rg4 63.Re5 Rf4
64.Ke3 Rf3+ 65.Ke2 Rf4 66.Ra5 Kg6 67.Rb5 Rf3  1/2-1/2

[Event "Korchnoi 70"]
[Site "St Petersburg RUS"]
[Date "2001.03.20"]
[Round "4"]
[White "Popov,Val"]
[Black "Rublevsky,S"]
[Result "0-1"]
[WhiteElo "2545"]
[BlackElo "2657"]

1.Nf3 d5 2.c4 c6 3.e3 Nf6 4.Nc3 g6 5.d4 Bg7 6.h3 O-O 7.Bd3 c5 8.O-O cxd4
9.exd4 dxc4 10.Bxc4 a6 11.a4 b6 12.Qe2 Bb7 13.Bg5 Nc6 14.Rad1 Nb4 15.Rfe1 e6
16.Ne5 Qc7 17.Bf4 Qe7 18.Bg5 Qd6 19.Bf4 Nbd5 20.Bd2 Nxc3 21.bxc3 Ne4 22.Nf3 Rfc8
23.Rb1 Qc6 24.Bd3 Nxd2 25.Qxd2 Qxc3 26.Qxc3 Rxc3 27.Be4 Bxe4 28.Rxe4 Rb8
29.Ne5 Rb7 30.Re2 Ra3 31.Rb4 Bf8 32.Rc4 Bd6 33.g3 Rc7 34.Rec2 Bxe5 35.dxe5 Rxc4
36.Rxc4 a5 37.h4 Kg7 38.Kg2 h6 39.Rc6 Rb3 40.Rc7 g5 41.hxg5 hxg5 42.Rb7 g4
43.Rb8 Rb4 44.Rb7 Kg6 45.Kf1 Kf5 46.Rxf7+ Kxe5 47.Rb7 Kd5 48.Ke2 Kc5 49.Rc7+ Kd4
50.Rd7+ Ke4 51.Rg7 Rb2+ 52.Kf1 e5 53.Kg2 Kf5 54.Kf1 e4 55.Re7 Rb4 56.Rb7 e3
57.Rf7+ Ke6 58.Rb7 exf2 59.Kxf2 Kd6  0-1

[Event "Tch-NED"]
[Site "NED"]
[Date "2001.03.24"]
[Round "7"]
[White "Kabatianski,A"]
[Black "Van den Doel,E"]
[Result "0-1"]
[WhiteElo "2446"]
[BlackElo "2564"]

1.Nf3 d5 2.c4 e6 3.g3 dxc4 4.Qa4+ c6 5.Qxc4 b5 6.Qc2 Bb7 7.Bg2 Nf6 8.O-O Nbd7
9.b3 Be7 10.Bb2 O-O 11.d3 c5 12.Nbd2 Qb6 13.Rac1 Rfd8 14.Rfe1 Rac8 15.Qb1 Nb8
16.Ne5 Bxg2 17.Kxg2 Nc6 18.Nxc6 Qxc6+ 19.Nf3 Nd5 20.a3 Qb7 21.Rc2 Nb6 22.Rec1 a5
23.Qa1 f6 24.a4 bxa4 25.bxa4 Qc6 26.Bc3 Ra8 27.Ra2 e5 28.Qb1 Kh8 29.Qc2 Nd5
30.Rb2 c4 31.e4 Nxc3 32.Qxc3 Qxa4 33.dxc4 Qc6 34.Nd2 Bb4 35.Qb3 Rd4 36.f3 Rad8
37.Rcc2 h6 38.c5 a4  0-1

[Event "Wotulo Mem"]
[Site "Jakarta INA"]
[Date "2001.03.25"]
[Round "3"]
[White "Johansen,D"]
[Black "Sasikiran,K"]
[Result "0-1"]
[WhiteElo "2520"]
[BlackElo "2601"]

1.Nf3 d5 2.c4 c6 3.d4 Nf6 4.cxd5 cxd5 5.Nc3 Nc6 6.Bf4 a6 7.Ne5 Qb6 8.Nxc6 bxc6
9.Qd2 e6 10.e3 Bd7 11.Bd3 c5 12.dxc5 Bxc5 13.O-O O-O 14.Qe2 Bc6 15.Rab1 a5
16.Bg3 Rac8 17.e4 dxe4 18.Nxe4 Nxe4 19.Bxe4 Bb5 20.Bd3 Bxd3 21.Qxd3 Rfd8
22.Qe2 h6 23.Be5 Rd5 24.g3 Rcd8 25.Bc3 h5 26.Rbc1 Rg5 27.Rfd1 h4 28.Rxd8+ Qxd8
29.Rd1 Qa8 30.Bd4 h3 31.f3 Bxd4+ 32.Rxd4 Qa7 33.Qf2 Qc7 34.Rd1 Rd5 35.Rxd5 exd5
36.Qd2 Qc5+ 37.Kf1 Qc4+ 38.Kf2 Qxa2 39.Qc2 g6 40.Ke3 a4 41.Qc8+ Kh7 42.Qb7 Kg7
43.Qb4 Qa1 44.Qc3+ Kh7 45.Kf4 Qf1 46.Qd2 Qc4+ 47.Ke5 Kg7 48.g4 Qc7+ 49.Kd4 Qb6+
50.Kd3 Qf6 51.f4 Qe6 52.Qc3+ Kh7 53.Qc7 Qe4+ 54.Kc3 Qe3+ 55.Kc2 Qb3+ 56.Kc1 d4
57.f5 gxf5 58.gxf5 Qe3+ 59.Kb1 Qd3+ 60.Ka1 Qd1+ 61.Ka2 Qb3+ 62.Ka1 a3 63.bxa3 Qxa3+
64.Kb1 Qb3+ 65.Kc1 Qe3+ 66.Kd1 Qd3+ 67.Kc1 Qxf5 68.Qd8 Qf4+ 69.Kd1 Kg7 70.Qd7 Qf3+
71.Kd2 Qc3+ 72.Kd1 Qd3+ 73.Kc1 Qe3+ 74.Kc2 Kg6 75.Qd6+ f6 76.Qd5 Qc3+ 77.Kb1 Qd3+
78.Kb2 Qf5 79.Qg8+ Kh5 80.Qe8+ Kg5 81.Qg8+ Kf4 82.Qg3+ Ke4 83.Qe1+ Kf3 84.Qf1+ Kg4
85.Qd1+ Kg5 86.Qg1+ Qg4 87.Qc1+ Qf4 88.Qg1+ Kh6 89.Kc2 Qe4+  0-1

[Event "Wotulo Mem"]
[Site "Jakarta INA"]
[Date "2001.03.28"]
[Round "7"]
[White "Johansen,D"]
[Black "Liu Dede"]
[Result "1-0"]
[WhiteElo "2520"]
[BlackElo "2378"]

1.Nf3 d5 2.c4 d4 3.g3 c5 4.Bg2 Nc6 5.O-O e5 6.d3 f6 7.e3 Bd6 8.a3 a5 9.exd4 cxd4
10.Nbd2 Nge7 11.Re1 O-O 12.Rb1 Rb8 13.Ne4 Bc7 14.Qa4 f5 15.Ned2 Bd7 16.c5 Kh8
17.Qc2 b5 18.cxb6 Rxb6 19.Nc4 Rb5 20.Bg5 Re8 21.Qd2 Qb8 22.Qd1 Nd5 23.Nfd2 Be6
24.Qh5 Kg8 25.g4 Bf7 26.Qh4 h6 27.Bxh6 gxh6 28.gxf5 Kh7 29.Be4 Rg8+ 30.Kh1 Qf8
31.Rg1 Bd8 32.f6+ Rg6 33.Bxg6+ Bxg6 34.Rxg6 Kxg6 35.Rg1+ Kh7 36.Nd6 Rc5 37.Qe4+ Kh8
38.Qg6  1-0

[Event "TCh-FRA"]
[Site "Bordeaux FRA"]
[Date "2001.03.29"]
[Round "4"]
[White "Pira,D"]
[Black "Brochet,P"]
[Result "1-0"]
[WhiteElo "2449"]
[BlackElo "2369"]

1.Nf3 d5 2.c4 e6 3.e3 Nf6 4.b3 c5 5.Bb2 Nc6 6.d4 cxd4 7.exd4 dxc4 8.bxc4 Bb4+
9.Nbd2 Ne4 10.a3 Ba5 11.Bd3 Nxd2 12.Nxd2 Nxd4 13.O-O Bxd2 14.Qxd2 Nb3 15.Qc3 Nxa1
16.Qxg7 Rf8 17.Rd1 Nb3 18.Bc2 Nd2 19.Bc3 a5 20.Rxd2 Bd7 21.Be5 Ra6 22.Ba4 Rb6
23.Rxd7  1-0

[Event "TCh-FRA"]
[Site "Bordeaux FRA"]
[Date "2001.03.29"]
[Round "4"]
[White "Hamdouchi,H"]
[Black "Narciso Dublan,M"]
[Result "1/2-1/2"]
[WhiteElo "2535"]
[BlackElo "2529"]

1.Nf3 d5 2.c4 d4 3.e3 Nc6 4.exd4 Nxd4 5.Nxd4 Qxd4 6.Nc3 c6 7.d3 Nh6 8.Be3 Qd6
9.d4 Nf5 10.c5 Nxe3 11.fxe3 Qh6 12.Qf3 Qh4+ 13.g3 Qg4 14.Qf4 g5 15.Qf2 Bg7
16.h4 Qh5 17.Be2 g4 18.Bc4 O-O 19.O-O Be6 20.Bb3 Rad8 21.Rad1 Bxb3 22.axb3 f5
23.Qe2 Kh8 24.Qc4 Qh6 25.Rd3 e5 26.dxe5 Rxd3 27.Qxd3 Qe6 28.e4  1/2-1/2

[Event "TCh-FRA"]
[Site "Mulhouse FRA"]
[Date "2001.03.29"]
[Round "4"]
[White "Spielmann,Al"]
[Black "Eliet,N"]
[Result "0-1"]
[WhiteElo "2294"]
[BlackElo "2398"]

1.Nf3 d5 2.c4 c6 3.b3 Bg4 4.Bb2 Bxf3 5.exf3 e6 6.g3 Nf6 7.Bg2 Nbd7 8.O-O g6
9.d4 Bg7 10.Ba3 Qa5 11.Qc1 Nh5 12.Rd1 Bf8 13.Bxf8 Kxf8 14.Qh6+ Kg8 15.Nd2 Qd8
16.Nf1 Qf8 17.Qd2 Kg7 18.Rac1 Nhf6 19.Ne3 Qe7 20.h4 Rhd8 21.Bh3 a5 22.cxd5 exd5
23.Bxd7 Qxd7 24.g4 h6 25.Kg2 Qd6 26.h5 Rh8 27.Rh1 Qb4 28.Qd3 Rag8 29.Rce1 Qd6
30.hxg6 fxg6 31.Re2 Rf8 32.Rhe1 h5 33.g5 Nh7 34.Nf5+ Rxf5 35.Re7+ Kg8 36.R1e6 Qf4
37.Rxg6+ Kf8 38.Qe2 Rxg5+ 39.Kh3 Qf5+ 40.Kh4 Qxg6  0-1

[Event "Open"]
[Site "Bled SLO"]
[Date "2001.04.01"]
[Round "9"]
[White "Ciglic,B"]
[Black "Asylguzhin,R"]
[Result "0-1"]
[WhiteElo "2136"]
[BlackElo "2354"]

1.Nf3 d5 2.c4 e6 3.d4 Nf6 4.Nc3 c6 5.Bg5 h6 6.Bxf6 Qxf6 7.e3 Bd6 8.Rc1 O-O
9.Be2 Nd7 10.O-O Qe7 11.Qc2 dxc4 12.Bxc4 e5 13.a4 Re8 14.Ne4 Bb8 15.Ng3 e4
16.Nd2 Nf6 17.Qb3 h5 18.f4 exf3 19.Rxf3 Bg4 20.Rxf6 gxf6 21.Ngf1 Be6 22.Qd1 Bg4
23.Qc2 Kg7 24.h3 Be6 25.Qd1 Rh8 26.Bd3 Bc7 27.Nf3 Rag8 28.Qe1 Kf8 29.Kh1 Rg7
30.e4 Bf4 31.Rc2 Qd6 32.Qa5 a6 33.d5 Bd7 34.Qb6 Ke7 35.Qxb7 Rb8 36.Qxa6 cxd5
37.Qxd6+ Bxd6 38.exd5 Bxa4 39.Re2+ Kd8 40.Ne3 Rg8 41.Nf5 Bc5 42.Re4 Bd7 43.Rc4 Bb5
44.Rxc5 Bxd3 45.d6 Rxb2 46.N5h4 Be4 47.Rxh5 Bxf3 48.Nxf3 Rgxg2 49.Rf5 Rgf2  0-1

[Event "It"]
[Site "Antalya TUR"]
[Date "2001.04.04"]
[Round "5"]
[White "Halkias,S"]
[Black "Olcayoz,A"]
[Result "1-0"]
[WhiteElo "2494"]
[BlackElo "2339"]

1.Nf3 d5 2.c4 c6 3.e3 Nf6 4.Nc3 Bg4 5.Qb3 Qb6 6.cxd5 Qxb3 7.axb3 Bxf3 8.gxf3 Nxd5
9.Nxd5 cxd5 10.d4 e6 11.Bd2 Nc6 12.Bd3 Be7 13.Ke2 Kd7 14.Ra4 Bd8 15.b4 Bb6
16.Rha1 Rac8 17.b5 Ne7 18.e4 Rcd8 19.Bg5 h6 20.Be3 Nc8 21.h4 h5 22.exd5 exd5
23.Bf5+ Ke7 24.Rg1 Nd6 25.Bd3 Kf8 26.Bf4 Ne8 27.Rg3 Rd7 28.Be5 f6 29.Bf4 Nd6
30.b3 Rd8 31.Kd2 Kf7 32.Bg6+ Kf8 33.Kd3 Nxb5 34.Rg1 Nd6 35.Rc1 Nc8 36.Bf5 Ne7
37.Be6 Nc6 38.Rg1 Ne7 39.b4 g6 40.Rc1 Kg7 41.Bc7 Rc8 42.Bxc8 Rxc8 43.Bxb6 Rxc1
44.Rxa7 Nf5 45.Rxb7+ Kh6 46.Bd8 Nxh4 47.Bxf6 Nxf3 48.Ke3 Rc3+ 49.Kf4 g5+
50.Kf5 Nh4+ 51.Ke6 Rc6+ 52.Kf7 Nf5 53.b5 Rc4 54.Ke6 Nxd4+ 55.Kxd5 Nxb5 56.Rxb5 Rf4
57.Ke6 Rxf2 58.Rxg5 Ra2 59.Re5 Kg6 60.Rg5+ Kh6 61.Rg1 Ra6+ 62.Kf5 h4  1-0

[Event "TCh-CHN Men"]
[Site "Suzhou, Jiangsu CHN"]
[Date "2001.04.05"]
[Round "10"]
[White "Li Wenjun"]
[Black "Zhang Ziyang"]
[Result "1-0"]
[WhiteElo "2296"]
[BlackElo "2018"]

1.Nf3 d5 2.c4 c6 3.b3 Nf6 4.Bb2 Bf5 5.e3 e6 6.Nc3 Nbd7 7.Be2 Bd6 8.d4 Ne4
9.Nxe4 Bxe4 10.O-O Bxf3 11.Bxf3 f5 12.a4 Nf6 13.Qc2 g5 14.Ba3 Bxa3 15.Rxa3 h5
16.cxd5 cxd5 17.Rc1 O-O 18.b4 g4 19.Be2 Ne4 20.f3 gxf3 21.Bxf3 Rc8 22.Qd1 Rxc1
23.Qxc1 Qc8 24.Ra1 Qd7 25.Qd1 Nf6 26.Bxh5 Rc8 27.Bf3 Rc4 28.Qe1 Qc7 29.Rd1 Ne8
30.h4 Qd6 31.Rb1 Ng7 32.a5 f4 33.h5 Nf5 34.exf4 Rxd4 35.g3 Rd3 36.Qf2 Qc7
37.Rd1 Rxd1+ 38.Bxd1 Qc1 39.Qe2 Ne3 40.Kh2 d4 41.Bb3 Qc6 42.f5 Qe4 43.Bxe6+ Kh7
44.Bc4 Kh6 45.Bd3 Qd5 46.b5 Kg5 47.Kg1 Qc5 48.Qf3 Qc1+ 49.Bf1 Nxf1 50.Qxf1 Qe3+
51.Qf2 Qc1+ 52.Kg2 Qd1 53.f6 d3 54.f7  1-0

[Event "TCh-EST"]
[Site "Parnu/Tallinn EST"]
[Date "2001.04.06"]
[Round "?"]
[White "Narva,J"]
[Black "Tarakanov,O"]
[Result "1/2-1/2"]
[WhiteElo "2317"]
[BlackElo "2155"]

1.Nf3 d5 2.c4 e6 3.b3 Nf6 4.g3 Bd6 5.Bg2 c6 6.Bb2 Nbd7 7.O-O O-O 8.Nc3 e5
9.cxd5 Nxd5 10.Ne4 Bc7 11.d3 Qe7 12.Rc1 f5 13.Ned2 a5 14.Qc2 Kh8 15.Rfe1 a4
16.bxa4 Qb4 17.Nc4 Qxa4 18.Ncxe5 Nxe5 19.Nxe5 Qxc2 20.Rxc2 Nb4 21.Rc4 Nxa2
22.Rb1 Be6 23.Rh4 Kg8 24.Bd4 Rfb8 25.e4 Ra4 26.exf5 Bxf5 27.Ba1 Rxh4 28.gxh4 Bd6
29.Be4 Be6 30.Nc4  1/2-1/2

[Event "TCh-EST"]
[Site "Parnu/Tallinn EST"]
[Date "2001.04.06"]
[Round "?"]
[White "Bashkite,V"]
[Black "Fomina,T"]
[Result "0-1"]
[WhiteElo "2073"]
[BlackElo "2278"]

1.Nf3 d5 2.c4 c5 3.cxd5 Qxd5 4.Nc3 Qd8 5.d4 cxd4 6.Qxd4 Bd7 7.Bf4 Nc6 8.Qd2 f6
9.e4 e5 10.Be3 Bg4 11.Bb5 Bb4 12.a3 Ba5 13.b4 Bb6 14.Qxd8+ Bxd8 15.Bxc6+ bxc6
16.Ke2 Ne7 17.Na4 f5 18.h3 Bh5 19.g4 fxg4 20.Nxe5 gxh3+ 21.f3 Bc7 22.Bd4 Rd8
23.Bc3 Bf7 24.Nxf7 Kxf7 25.Rxh3 Ng6 26.Rhh1 Nf4+ 27.Kf2 Rd3 28.Rad1 Bb6+
29.Nxb6 Rxc3 30.Rd7+ Ke6 31.Rxa7 Rd8 32.Na4 Rd2+ 33.Ke1 Rcc2 34.Nc5+ Ke5
35.Rxg7 Ng2+ 36.Rxg2 Rxg2 37.Rh5+ Kd4 38.Kd1 Ke3 39.Nb3 Rb2  0-1

[Event "FSIMB April"]
[Site "Budapest HUN"]
[Date "2001.04.11"]
[Round "5"]
[White "Paci,C"]
[Black "Galyas,M"]
[Result "0-1"]
[WhiteElo "2213"]
[BlackElo "2371"]

1.Nf3 d5 2.c4 d4 3.g3 Nc6 4.Bg2 e5 5.O-O Nf6 6.b4 e4 7.Ng5 Bxb4 8.Nxe4 Nxe4
9.Bxe4 O-O 10.Qc2 h6 11.Bb2 Bh3 12.Re1 Qd7 13.a3 Bc5 14.e3 Rad8 15.Bd5 Rfe8
16.Rc1 Be6 17.e4 Ne5 18.Bxe6 Qxe6 19.d3 f5 20.Nd2 fxe4 21.Nxe4 Nxd3 22.Nxc5 Nxc5
23.Re1 Qxe1+ 24.Rxe1 Rxe1+ 25.Kg2 d3 26.Qc3 Re7 27.Bc1 Ne4 28.Qb4 c5  0-1

[Event "Solett Open"]
[Site "Skelleftea SWE"]
[Date "2001.04.15"]
[Round "8"]
[White "Lonngren,T"]
[Black "Tikkanen,K"]
[Result "1/2-1/2"]
[WhiteElo "2063"]
[BlackElo "2290"]

1.Nf3 d5 2.c4 c6 3.d4 Nf6 4.Qc2 g6 5.Bf4 Na6 6.c5 Bg7 7.Nc3 O-O 8.e3 Nh5
9.Bg5 f6 10.Bh4 Qc7 11.Be2 e5 12.O-O g5 13.Bg3 Nxg3 14.fxg3 e4 15.Ne1 f5
16.b4 Nxb4 17.Qb3 a5 18.a3 Na6 19.Na4 Be6 20.Rb1 Rf7 21.Nc2 Raf8 22.Qb6 Bc8
23.Bxa6 bxa6 24.Qxc7 Rxc7 25.Rb8 Rb7  1/2-1/2

[Event "Solett Open"]
[Site "Skelleftea SWE"]
[Date "2001.04.16"]
[Round "9"]
[White "Nyback,T"]
[Black "Lindgren,F"]
[Result "1-0"]
[WhiteElo "2330"]
[BlackElo "2208"]

1.Nf3 d5 2.c4 c6 3.b3 dxc4 4.bxc4 e5 5.Bb2 e4 6.Nd4 Nf6 7.g3 Bd6 8.Nc2 Na6
9.Ne3 h5 10.Bg2 Nc5 11.Qc2 h4 12.Bxf6 Qxf6 13.Nc3 Be6 14.Rb1 hxg3 15.hxg3 Rxh1+
16.Bxh1 Qh6 17.Bxe4 Nxe4 18.Qxe4 O-O-O 19.Nf5 Qh2 20.e3 g6 21.Nd4 Bxc4 22.d3 f5
23.Nxf5 Bxa2 24.Nxd6+ Rxd6 25.Rxb7 Be6 26.Rxa7 Qg1+ 27.Ke2 Qc1 28.Qb4 Bg4+
29.Qxg4+ Kb8 30.Qa4 Qb2+ 31.Kf1 Rxd3 32.Ra8+ Kc7 33.Qa7+ Qb7 34.Ne4  1-0

[Event "5th GM"]
[Site "Rijeka HUN"]
[Date "2001.04.19"]
[Round "2"]
[White "Rukavina,J"]
[Black "Zaja,I"]
[Result "1-0"]
[WhiteElo "2414"]
[BlackElo "2482"]

1.Nf3 d5 2.c4 c6 3.d4 Nf6 4.e3 e6 5.Nbd2 Nbd7 6.Bd3 Bd6 7.O-O O-O 8.e4 dxe4
9.Nxe4 Nxe4 10.Bxe4 f5 11.Bc2 c5 12.Re1 Nf6 13.dxc5 Bxc5 14.Be3 Bxe3 15.Rxe3 Qc7
16.Qe1 b5 17.Bb3 bxc4 18.Rc1 Ne4 19.Rxc4 Qb6 20.Nd4 Kh8 21.Qb4 Qxb4 22.Rxb4 a5
23.Rb6 Rd8 24.Nf3 a4 25.Bc4 Bd7 26.Rd3 Be8 27.h3 Rxd3 28.Bxd3 Nc5 29.Bc4 g6
30.b4 axb3 31.axb3 Kg7 32.Ng5 e5 33.b4 Nd7 34.Rb7 Kf6 35.Nxh7+ Ke7 36.f3 Rb8
37.Rxb8 Nxb8 38.Kf2 Nc6 39.b5 Na5 40.Bd3 Kd6 41.g4 Ke6 42.h4 Nb7 43.b6 Nc5
44.Bc4+ Ke7 45.Bd5 Kd6 46.b7 Kc7 47.Nf6 Ba4 48.h5 gxh5 49.gxh5 Nd3+ 50.Kg1 Nf4
51.h6 Ng6 52.h7 Bb5 53.Kf2 Nh8 54.Kg2 Ng6 55.Kg3 Kb8 56.Ng8 e4 57.fxe4 fxe4
58.Bxe4 Nh8  1-0

[Event "3rd Rector Cup"]
[Site "Kharkov RUS"]
[Date "2001.04.23"]
[Round "7"]
[White "Zubarev,A1"]
[Black "Turov,M"]
[Result "0-1"]
[WhiteElo "2460"]
[BlackElo "2553"]

1.Nf3 d5 2.c4 d4 3.b4 g6 4.Bb2 Bg7 5.e3 e5 6.exd4 e4 7.Qe2 Qe7 8.Ne5 f6 9.Nc3 fxe5
10.Nd5 Qf7 11.dxe5 Nc6 12.Qxe4 Bf5 13.Qe3 O-O-O 14.Be2 Nge7 15.Nf4 Nxb4 16.O-O Nec6
17.g4 Nc2 18.Qg3 Be6 19.Nxe6 Qxe6 20.f4 N2d4 21.Bxd4 Nxd4 22.Bd3 g5 23.Rae1 gxf4
24.Qxf4 Bh6 25.Qe4 Bxd2 26.Rf6 Qe7 27.Rb1 c6 28.Rbf1 Rhe8 29.e6 Nxe6 30.Qxh7 Qxh7
31.Bxh7 Ng5 32.Bf5+ Kb8 33.h4 Nh3+ 34.Kh2 Bc3 35.Re6 Rxe6 36.Bxe6 Nf4 37.Bf5 Be5
38.g5 Rf8 39.Be4 Ng6+  0-1

[Event "4th Open"]
[Site "Tanta City EGY"]
[Date "2001.04.24"]
[Round "6"]
[White "Labib,I"]
[Black "Rahman,Ye"]
[Result "1-0"]
[WhiteElo "2416"]
[BlackElo "2267"]

1.Nf3 d5 2.c4 c6 3.e3 Nf6 4.Nc3 e6 5.b3 Nbd7 6.Bb2 Bd6 7.d4 O-O 8.Be2 Qe7
9.O-O Re8 10.Qc2 dxc4 11.bxc4 e5 12.Rfd1 e4 13.Nd2 Nf8 14.a4 Ng6 15.Nf1 h5
16.c5 Bb8 17.Ba3 Qe6 18.Qa2 Qf5 19.Bc4 Ng4 20.h3 Nh6 21.Ng3 Bxg3 22.fxg3 Be6
23.d5 cxd5 24.Bxd5 Qe5 25.Ne2 Rad8 26.Bxe6 Rxd1+ 27.Rxd1 Rxe6 28.Rd5 Qc7
29.Nf4 Nxf4 30.gxf4 Qa5 31.Qd2 Qxa4 32.Bb2 Qa2 33.Rd8+ Kh7 34.Rh8+ Kg6 35.Qf2 f6
36.g4 hxg4 37.hxg4 Kf7 38.g5 Nf5 39.gxf6 gxf6 40.Qg2 Ke7 41.Bxf6+  1-0

[Event "2nd ch-EUR Women"]
[Site "Warsaw POL"]
[Date "2001.04.24"]
[Round "3"]
[White "Zhukova,N"]
[Black "Danielian,E"]
[Result "1/2-1/2"]
[WhiteElo "2460"]
[BlackElo "2369"]

1.Nf3 d5 2.c4 dxc4 3.Na3 a6 4.Nxc4 b5 5.Ne3 e6 6.g3 Bb7 7.Bg2 Nf6 8.O-O Nbd7
9.b3 c5 10.Bb2 Be7 11.Rc1 O-O 12.Rc2 Nd5 13.Qa1 Nb4 14.Rcc1 f6 15.d3 Qb6
16.a3 Nd5 17.Nc2 e5 18.Nd2 Rfe8 19.b4 Kh8 20.Qa2 Nc7 21.Bxb7 Qxb7 22.Ne4 Nd5
23.Qb3 Rac8 24.bxc5 Nxc5 25.Nxc5 Bxc5 26.e4 Nb6 27.Kg2 Na4 28.Ba1 h6 29.f3 Red8
30.Rfd1 Rc7 31.Nb4 Bxb4 32.axb4 Rdc8 33.Qb1 Qb6 34.d4 exd4 35.Rxc7 Qxc7 36.Bxd4 Nc3
37.Bxc3 Qxc3 38.Rd3 Qc4  1/2-1/2

[Event "2nd ch-EUR Women"]
[Site "Warsaw POL"]
[Date "2001.04.27"]
[Round "6"]
[White "Buervenich,S"]
[Black "Chmielinska,A"]
[Result "1-0"]
[WhiteElo "2224"]
[BlackElo "2047"]

1.Nf3 d5 2.c4 c6 3.b3 Nf6 4.Bb2 e6 5.g3 Be7 6.Bg2 O-O 7.O-O Nbd7 8.d4 dxc4
9.bxc4 c5 10.e3 Qc7 11.Qb3 b6 12.Nc3 Bb7 13.Rac1 Ne4 14.d5 Nxc3 15.Bxc3 exd5
16.cxd5 Bf6 17.e4 Rfe8 18.Nd2 Bxc3 19.Qxc3 b5 20.f4 c4 21.Qd4 Rac8 22.e5 Qa5
23.Ne4 Rb8 24.Nd6 Red8 25.Nxb7 Rxb7 26.e6 fxe6 27.dxe6 Nf6 28.Qe3 Re7 29.h3 Rd3
30.Qe5 Rxg3 31.f5 Qb6+ 32.Kh2 Re3 33.Qb2 Qd6+ 34.Kg1 Qc5 35.Qf2 Qe5 36.Rcd1 Rd3
37.Rxd3 cxd3 38.Rd1 Qc3 39.Qe3 Kf8 40.Rxd3 Qc7 41.Qd4 Qc1+ 42.Kh2 Qc7+ 43.Qd6 Qxd6+
44.Rxd6 Rc7 45.Ra6 Ke7 46.Kg3 Ne8 47.Bc6 Nd6 48.Kf4 b4 49.Bd5 Nc8 50.Ke5 Nb6
51.h4 h6 52.Ra5 h5 53.Rb5 Rc2 54.Rxb4 Nxd5 55.Kxd5 Rxa2 56.Rb7+ Kf8 57.Rf7+ Kg8
58.Kd6 a5 59.Ra7 Rd2+ 60.Ke7 Rd5 61.f6 gxf6 62.Kxf6 Rd3 63.Ra8+ Kh7 64.e7 Rf3+
65.Kg5 Rg3+ 66.Kxh5  1-0

[Event "2nd ch-EUR Women"]
[Site "Warsaw POL"]
[Date "2001.04.27"]
[Round "6"]
[White "Lomakina,G"]
[Black "Trabert,B"]
[Result "1/2-1/2"]
[WhiteElo "2134"]
[BlackElo "2269"]

1.Nf3 d5 2.c4 c6 3.g3 Bg4 4.Bg2 Nd7 5.b3 Ngf6 6.Bb2 e6 7.O-O Bd6 8.Nc3 O-O
9.d3 h6 10.Re1 Qe7 11.a3 a5 12.Qc2 Rfe8 13.h3 Bxf3 14.exf3 Qd8 15.f4 Qb6
16.d4 dxc4 17.bxc4 Bf8 18.Rab1 Qa6 19.Bc1 Rab8 20.Qb3 Red8 21.Be3 Ne8 22.c5 b6
23.cxb6 Rxb6 24.Qa4 c5 25.d5 Nc7 26.dxe6 Nxe6 27.f5 Nd4 28.Bf4 Rxb1 29.Rxb1 Nb6
30.Qd1 Bd6 31.Qg4 Bxf4 32.Qxf4 Qd3 33.Rxb6 Qxc3 34.Qc7 Qe1+ 35.Kh2 Re8 36.Rb7 Rf8
37.Rb2 Ne2 38.h4 Qxf2 39.Qe5 Qg1+ 40.Kh3 Nc1 41.Qc3 Re8 42.Qc4 Qe3 43.Rb7 Rf8
44.Bf1 a4 45.Qxa4 Ne2 46.Bxe2 Qxe2 47.Qf4 Qd1 48.Rb2 Rd8 49.f6 Qh1+ 50.Rh2 Qd5
51.fxg7 Kxg7 52.Rf2 Qe6+ 53.Qg4+ Qxg4+ 54.Kxg4  1/2-1/2

[Event "7th"]
[Site "Cutro ITA"]
[Date "2001.04.28"]
[Round "7"]
[White "Miladinovic,I"]
[Black "Borgo,G"]
[Result "1-0"]
[WhiteElo "2519"]
[BlackElo "2408"]

1.Nf3 d5 2.c4 e6 3.cxd5 exd5 4.d4 Nf6 5.Nc3 c6 6.g3 Bd6 7.Bg2 O-O 8.Qd3 Re8
9.Nh4 Qe7 10.Nf5 Bxf5 11.Qxf5 Ne4 12.Nxe4 Bb4+ 13.Kf1 dxe4 14.h4 Nd7 15.h5 h6
16.g4 Qd6 17.g5 Re5 18.Qg4 Qxd4 19.Bh3 f5 20.Qg3 hxg5 21.Bxg5 Rd5 22.Qb3 Nc5
23.Qc2 Ne6 24.Be3 Qf6 25.Qb3 Qe7 26.Rg1 Kh7 27.Rg6 Bd6 28.Rd1 Rxd1+ 29.Qxd1 Rf8
30.Qb3 Nc5 31.Qc2 Ne6 32.Qc4 Nd8 33.Bg5 Qf7 34.Qd4 Bc7 35.Bxf5 Qxf5 36.Qxg7+  1-0

[Event "Ivan Cvitanovic Mem"]
[Site "Split CRO"]
[Date "2001.04.30"]
[Round "3"]
[White "Forintos,G"]
[Black "Zaja,I"]
[Result "0-1"]
[WhiteElo "2371"]
[BlackElo "2482"]

1.Nf3 d5 2.c4 e6 3.d4 c6 4.Qc2 Nf6 5.Nbd2 Nbd7 6.a3 Bd6 7.e4 dxe4 8.Nxe4 Nxe4
9.Qxe4 c5 10.Bd3 cxd4 11.Qxd4 Ne5 12.c5 Nxd3+ 13.Qxd3 Bc7 14.Qc4 O-O 15.O-O e5
16.Bg5 Qe8 17.Rfe1 Be6 18.Qb4 f6 19.Qxb7 Qf7 20.Bh4 Rab8 21.Qa6 Rxb2 22.Bg3 Bd5
23.Red1 Rc2 24.Rac1 Rxc1 25.Rxc1 Rd8 26.h3 Be4 27.Qa4 Qd5 28.Qxa7 Qc6  0-1

[Event "54th ch-RUS"]
[Site "Elista RUS"]
[Date "2001.05.02"]
[Round "3"]
[White "Arbakov,V"]
[Black "Turov,M"]
[Result "1/2-1/2"]
[WhiteElo "2491"]
[BlackElo "2553"]

1.Nf3 d5 2.c4 d4 3.e3 Nc6 4.exd4 Nxd4 5.Nxd4 Qxd4 6.Nc3 e5 7.Nb5 Qd8 8.Qe2 f6
9.f4 c6 10.Nc3 Qd4 11.d3 Bc5 12.Ne4 Bb4+ 13.Kd1 Bf5 14.Ng3 Bg6 15.Be3 Qd7
16.Kc2 O-O-O 17.f5 Bxf5 18.Nxf5 Qxf5 19.Bxa7 Ne7 20.g4 Qe6 21.Bg2 Kc7 22.Be3 Qd6
23.Be4 Bc5 24.Bd2 Ng6 25.a3 Nf4 26.Bxf4 exf4 27.h4 Be3 28.h5 Ra8 29.b4 Bd4
30.Ra2 Qxb4 31.axb4 Rxa2+ 32.Kd1 Rha8 33.Qc2 h6 34.Rf1 Be3 35.d4 Rxc2 36.Kxc2 Ra2+
37.Kb3 Rh2 38.d5 cxd5 39.Bxd5 f5 40.Bf3 fxg4 41.Bxg4 Rh4 42.Bf3 b6 43.Rh1 Rh2
44.Rf1 Rh4  1/2-1/2